Dividendová politika - teoretické prístupy a poznatky
Dividendová politika slovenských spoločností. Vyplácanie dividend na slovenskom trhu v rokoch 1994 až 1998. Prehľad spoločností, ktoré vyplatili dividendy za sledované obdobie tri až päťkrát. Medzi príčiny, ktoré bránia uplatňovaniu dividendovej politiky, možno zahrnúť zhoršujúcu sa ekonomickú situá...
Enregistré dans:
| Auteur principal: | |
|---|---|
| Format: | Chapitre de livre |
| Langue: | slovaque |
| Sujets: | |
| Tags: |
Pas de tags, Soyez le premier à ajouter un tag!
|
MARC
| LEADER | 00000naa$a2200000$$$4500 | ||
|---|---|---|---|
| 001 | 0031977 | ||
| 005 | 20221007085722.0 | ||
| 041 | 0 | |a slo | |
| 044 | |a SK | ||
| 245 | 1 | 0 | |a Dividendová politika - teoretické prístupy a poznatky |c Ingrid Šabíková |
| 520 | |a Dividendová politika slovenských spoločností. Vyplácanie dividend na slovenskom trhu v rokoch 1994 až 1998. Prehľad spoločností, ktoré vyplatili dividendy za sledované obdobie tri až päťkrát. Medzi príčiny, ktoré bránia uplatňovaniu dividendovej politiky, možno zahrnúť zhoršujúcu sa ekonomickú situáciu spoločností, sťažený prístup k externým zdrojom financovania, skutočnosť, že spoločnosti sa spoliehajú na bezbrannosť dribných akcionárov, manažéri nepresadzujú výplaty dividend, nefungujúci kapitálový trh nepostihuje spoločnosti, ktoré dividendy nevyplácajú (vplyv dividendy na akciovú cenu). | ||
| 610 | 2 | 0 | |a politika dividendová |
| 610 | 2 | 0 | |a dividendy |
| 610 | 2 | 0 | |a spoločnosti akciové |
| 610 | 2 | 0 | |a manažment |
| 610 | 2 | 0 | |a Slovensko |
| 610 | 2 | 0 | |a 1994-1998 |
| 100 | 1 | |a Šabíková, Ingrid | |